logo

Bir Sreshtho Munshi Abdur Rouf Library
Jhenaidah Cadet College

If tomorrow comes / (Record no. 12696)

MARC details
000 -LEADER
fixed length control field 00624nam a2200205 a 4500
001 - CONTROL NUMBER
control field 12696
003 - CONTROL NUMBER IDENTIFIER
control field BDJhCC
005 - DATE AND TIME OF LATEST TRANSACTION
control field 20230508103600.0
008 - FIXED-LENGTH DATA ELEMENTS--GENERAL INFORMATION
fixed length control field 230508s2021 nyu 000 1 eng
020 ## - INTERNATIONAL STANDARD BOOK NUMBER
International Standard Book Number 9788172234881
040 ## - CATALOGING SOURCE
Original cataloging agency DLC
Transcribing agency DLC
Modifying agency DLC
-- BDJhCC
050 00 - LIBRARY OF CONGRESS CALL NUMBER
Classification number PS3569.H3927
Item number I35 1985
082 00 - DEWEY DECIMAL CLASSIFICATION NUMBER
Classification number 813/.54
Edition number 19
Item number SHE 2021
100 1# - MAIN ENTRY--PERSONAL NAME
Personal name Sheldon, Sidney.
245 10 - TITLE STATEMENT
Title If tomorrow comes /
Statement of responsibility, etc. by Sidney Sheldon.
260 ## - PUBLICATION, DISTRIBUTION, ETC.
Place of publication, distribution, etc. New York :
Name of publisher, distributor, etc. Morrow,
Date of publication, distribution, etc. 1985.
300 ## - PHYSICAL DESCRIPTION
Extent 416 p. ;
Dimensions 25 cm.
856 42 - ELECTRONIC LOCATION AND ACCESS
Materials specified Contributor biographical information
Uniform Resource Identifier <a href="http://www.loc.gov/catdir/enhancements/fy1308/84018938-b.html">http://www.loc.gov/catdir/enhancements/fy1308/84018938-b.html</a>
942 ## - ADDED ENTRY ELEMENTS (KOHA)
Source of classification or shelving scheme Dewey Decimal Classification
Koha item type Books
Holdings
Withdrawn status Lost status Source of classification or shelving scheme Damaged status Not for loan Home library Current library Shelving location Date acquired Cost, normal purchase price Total Checkouts Full call number Barcode Checked out Date last seen Date last checked out Copy number Price effective from Koha item type
    Dewey Decimal Classification     JCC Rouf Library JCC Rouf Library General Stacks 05/08/2023 400.00 6 813/.54 SHE 2021 17675 11/20/2023 10/26/2023 10/26/2023 C-1 05/08/2023 Books

JCC Library | Contacts | JCC Home

Last Update on 23 September 2017
Copyright @ 2017-2020 JCC Rouf Library
Rouf Library, Jhenidah Cadet College (JCC), Bangladesh